000 00482cam a2200181ua 4500
020 _a81 203 0974 x
_c225.00
041 _aeng
_h
082 _a005.43
_bTAN/MO
100 _aTanenbaum, Andrews .
245 _aModern operating systems /
_cAndrews Tanenbaum.
_hTextual Documents
250 _a1 /
_b.
260 _aNew Delhi :
_bPrentice Hall of India Pvt Ltd. ,
_c2001.
300 _a728 ; .
365 _a225.00
504 _a
942 _cBK
999 _c9468
_d9468